Quiz Pokemon Impossible #1 - Statistiques

Statistiques générales
  • Ce quiz a été pris 194 fois
  • Le résultat moyen est 8 sur 15
Statistiques - réponses
Hint Réponse % Correct
Quel est le seul pokémon de type eau et acier? Pingoléon
84%
Quel est la capital de Kalos? Illumis
83%
De quel pays est inspirée la région de Paldea? Espagne
77%
Quel fut le tout premier pokémon créé? Rhinoféros
76%
Je suis l'évolution du pokemon ci dessus et le pire stater forme évoluée Meganium
75%
Je suis le pire starter (voire le pire pokemon) Germignon
72%
Je suis le père du personnage dans rubis/saphir Norman
70%
Je suis le pokémon le plus grand Ethernatos
55%
De qui est inspiré Lézargus? James Bond
55%
Quel est la génération ayant apporté le plus de pokémon? 5G
50%
Je suis la championne de l'arène d'Ebenelle Sandra
44%
Evolution du plus petit des pokémon Mygavolt
40%
Mon paradoxe du futur ressemble à ma forme dans rubble world Trioxhydre
30%
Pokémon psy mesurant 1m pour 20,1kg Symbios
10%
Je suis le pokemon pokémon "caverne" Drakkarmin
7%
Aucun quiz correspondant
Distribution des résultats
% des personnes avec chaque résultat
Percentile par nombre de réponses
Votre historique - résultats
Vous n’avez pas pris ce quiz